| 000 | 01379nam a2200397 c 4500 | ||
|---|---|---|---|
| 001 | 2654 | ||
| 003 | ES-MaCES | ||
| 005 | 20141221121619.0 | ||
| 008 | 950803s1994 sp ||| | spa d | ||
| 017 |
_aM. 31545-1994 _bDL |
||
| 020 | _a8478500685 | ||
| 024 | 7 |
_a376-94-012-9 _2nipo |
|
| 035 | _aCES19980026749m | ||
| 040 |
_aES-MaCES _bspa _cES-MaCES |
||
| 245 | 0 | 0 |
_aAnuario de migraciones 1994 _cedición preparada por J.R. Manjón, M. Núñez y P. Sandoval |
| 250 | _a[Ed. decimoctava] | ||
| 260 |
_aMadrid _bMinisterio de Asuntos Sociales, Secretaría General Técnica _cD.L. 1994 |
||
| 300 |
_a588 p. _c24 cm |
||
| 500 | _aEn la port.: Ministerio de Asuntos Sociales, Dirección General de Migraciones | ||
| 541 | _cGratuito | ||
| 650 | 4 |
_amigración _928635 |
|
| 650 | 4 |
_aEspaña _926964 |
|
| 650 | 4 |
_aEuropa _926940 |
|
| 650 | 4 |
_a1994 _930780 |
|
| 650 | 4 |
_acuadros estadísticos _928890 |
|
| 650 | 4 |
_ainforme _928986 |
|
| 653 | 1 | 0 | _aCiencias Sociales-Políticas |
| 700 | 1 |
_aManjón Manjón, José Ramón _eed. lit. _917394 |
|
| 700 | 1 |
_aNúñez, M. _eed. lit. _919763 |
|
| 700 | 1 |
_aSandoval Aguilar, Pilar _eed. lit. _923384 |
|
| 710 | 1 |
_aEspaña _bMinisterio de Asuntos Sociales _eed. _93228 |
|
| 710 | 1 |
_aEspaña _bDirección General de Migraciones _92829 |
|
| 902 | _aLIB Libro | ||
| 942 |
_2CES _cBK _h7.0. |
||
| 999 |
_c2654 _d2654 |
||